Mobile computing deployment and management : (Record no. 21856)
[ view plain ]
| 000 -LEADER | |
|---|---|
| fixed length control field | 00763nam a22002175a 4500 |
| 005 - DATE AND TIME OF LATEST TRANSACTION | |
| control field | 20201128023747.0 |
| 008 - FIXED-LENGTH DATA ELEMENTS--GENERAL INFORMATION | |
| fixed length control field | 160608t2015 ii a fr 001 0 eng d |
| 020 ## - INTERNATIONAL STANDARD BOOK NUMBER | |
| International Standard Book Number | 9788126554867 |
| 040 ## - CATALOGING SOURCE | |
| Original cataloging agency | EG-ScBUE |
| Language of cataloging | eng |
| Transcribing agency | EG-ScBUE |
| 082 04 - DEWEY DECIMAL CLASSIFICATION NUMBER | |
| Edition number | 22 |
| Classification number | 621.38456076 |
| Item number | BAR |
| 100 1# - MAIN ENTRY--PERSONAL NAME | |
| 9 (RLIN) | 40135 |
| Personal name | Bartz, Robert J., |
| Dates associated with a name | 1959- |
| 245 10 - TITLE STATEMENT | |
| Title | Mobile computing deployment and management : |
| Remainder of title | real world skills for CompTIA Mobility+ certification and beyond / |
| Statement of responsibility, etc | Robert J. Bartz. |
| 260 ## - PUBLICATION, DISTRIBUTION, ETC. (IMPRINT) | |
| Place of publication, distribution, etc | New Delhi : |
| Name of publisher, distributor, etc | Sybex Wiley Brand, |
| Date of publication, distribution, etc | c.2015. |
| 300 ## - PHYSICAL DESCRIPTION | |
| Extent | xxxiii, 709 p. : |
| Other physical details | ill. ; |
| Dimensions | 24 cm. |
| 500 ## - GENERAL NOTE | |
| General note | Index : p. 689-709. |
| 650 #7 - SUBJECT ADDED ENTRY--TOPICAL TERM | |
| Source of heading or term | BUEsh |
| 9 (RLIN) | 835 |
| Topical term or geographic name as entry element | Mobile computing. |
| 650 #7 - SUBJECT ADDED ENTRY--TOPICAL TERM | |
| 9 (RLIN) | 12951 |
| Topical term or geographic name as entry element | Mobile communication systems. |
| Source of heading or term | BUEsh |
| 651 ## - SUBJECT ADDED ENTRY--GEOGRAPHIC NAME | |
| Source of heading or term | BUEsh |
| 653 ## - INDEX TERM--UNCONTROLLED | |
| Resource For college | Informatics and Computer Science |
| Arrived date list | June2016 |
| 942 ## - ADDED ENTRY ELEMENTS (KOHA) | |
| Source of classification or shelving scheme | Dewey Decimal Classification |
| Withdrawn status | Item status | Source of classification or shelving scheme | Damaged status | Not for loan | Vendor | Home library | Current library | Shelving location | Date acquired | Source of acquisition | Cost, normal purchase price | Total Checkouts | Full call number | Barcode | Date last seen | Cost, replacement price | Koha item type |
|---|---|---|---|---|---|---|---|---|---|---|---|---|---|---|---|---|---|
| Dewey Decimal Classification | Alahram | Central Library | Central Library | First floor | 08/06/2016 | Purchase | 210.00 | 621.38456076 BAR | 000032640 | 15/07/2025 | 262.50 | Book - Borrowing |